A szemiotikai szövegtan mint egy studium generale egyik alapeleme

Elmentve itt :
Bibliográfiai részletek
Szerzők: Petőfi S. János
Benkes Zsuzsa
Dokumentumtípus: Cikk
Megjelent: 1998
Sorozat:Iskolakultúra 8 No. 8
Online Access:http://misc.bibl.u-szeged.hu/40716
LEADER 00630nab a2200181 i 4500
001 misc40716
005 20191106141000.0
008 180709s1998 hu o 0|| zxx d
022 |a 1215-5233 
040 |a SZTE Miscellanea Repozitórium  |b hun 
041 |a zxx 
100 2 |a Petőfi S. János 
245 1 2 |a A szemiotikai szövegtan mint egy studium generale egyik alapeleme  |h [elektronikus dokumentum] /  |c  Petőfi S. János 
260 |c 1998 
300 |a 41-48 
490 0 |a Iskolakultúra  |v 8 No. 8 
700 0 1 |a Benkes Zsuzsa  |e aut 
856 4 0 |u http://misc.bibl.u-szeged.hu/40716/1/EPA00011_iskolakultura_1998_08_041-048.pdf  |z Dokumentum-elérés